House of blight / Maxym M. Martineau.
Available copies
- 2 of 2 copies available at LARL/NWRL Consortium.
- 2 of 2 copies available at Lake Agassiz Regional Library. (Show preferred library)
Current holds
0 current holds with 2 total copies.
Show All Copies
| Location | Call Number / Copy Notes | Barcode | Shelving Location | Status | Due Date |
|---|---|---|---|---|---|
| Ada Public Library | MAR (Text) | 33500014199467 | Main | Available | - |
| Hawley Public Library | MAR (Text) | 33500014199475 | Main | Available | - |
Record details
- ISBN: 9780063391192
- ISBN: 0063391198
- Physical Description: 370 pages ; 24 cm
- Edition: First edition.
- Publisher: New York, NY : Harper Voyager, an imprint of HarperCollins Publishers, 2025.
- Copyright: ©2025
Content descriptions
| Summary, etc.: | "The first novel in a transportive, darkly ... Read More Edira Brillwyn is a threadmender. She holds a ... Read More |
Search for related items by subject
| Genre: | Romance fiction. Fantasy fiction. Love stories. Romance fiction. Fantasy fiction. Gothic fiction. Novels. |
Search for related items by series
| LDR | 03719cam a22006858i 4500 | ||
|---|---|---|---|
| 001 | 452138 | ||
| 003 | LARL_NWRL_CONSORTIUM | ||
| 005 | 20250507205431.0 | ||
| 008 | 240311t20252025nyu e 000 1 eng | ||
| 010 | . | ‡a 2024010349 | |
| 040 | . | ‡aDLC ‡beng ‡erda ‡cDLC ‡dOCLCO ‡dBDX ‡dIG# ‡dTXL ‡dOCLCO ‡dIMT ‡dRNL ‡dYU6 ‡dIUK ‡dMWD ‡dSDD ‡dOCLCQ | |
| 020 | . | ‡a9780063391192 ‡q(hardcover) | |
| 020 | . | ‡a0063391198 ‡q(hardcover) | |
| 020 | . | ‡z9780063391215 ‡q(e-book) | |
| 035 | . | ‡a(OCoLC)1427665851 | |
| 042 | . | ‡apcc | |
| 082 | 0 | 0. | ‡a813/.6 ‡223/eng/20240311 |
| 100 | 1 | . | ‡aMartineau, Maxym M., ‡eauthor. ‡1https://id.oclc.org/worldcat/entity/E39PCjMq8YbM7GpF7xKTmMJKv3 |
| 245 | 1 | 0. | ‡aHouse of blight / ‡cMaxym M. Martineau. |
| 250 | . | ‡aFirst edition. | |
| 264 | 1. | ‡aNew York, NY : ‡bHarper Voyager, an imprint of HarperCollins Publishers, ‡c2025. | |
| 264 | 4. | ‡c©2025 | |
| 300 | . | ‡a370 pages ; ‡c24 cm | |
| 336 | . | ‡atext ‡btxt ‡2rdacontent | |
| 337 | . | ‡aunmediated ‡bn ‡2rdamedia | |
| 338 | . | ‡avolume ‡bnc ‡2rdacarrier | |
| 490 | 0 | . | ‡aThreadmender chronicles ; ‡v1 |
| 520 | . | ‡a"The first novel in a transportive, darkly creative and romantic new gothic fantasy duology from Maxym M. Martineau, for readers of Sarah J. Maas and Rachel Gillig"-- ‡cProvided by publisher. | |
| 520 | . | ‡aEdira Brillwyn is a threadmender. She holds a rare, lifesaving power that can cure disease and heal injuries in the blink of an eye. But magic always comes with a cost, and saving anyone sacrifices a sliver of her own life. She's always kept her abilities hidden...until the powerful Fernglove family discovers her secret. The Ferngloves are charming and beautiful, possess powerful magic, and don't take no for an answer--especially Orin, the head of these ruling elites. When Edira's brothers unexpectedly contract blight--an incurable virus killing people throughout the town, and an illness too strong for her to heal them both--Orin offers to help. Together at his estate they'll research a cure while Orin slows their sickness and Edira hones her magic. His kindness and honesty surprises Edira, as does her undeniable attraction to him. But the other Ferngloves are suspicious of her power and may be more dangerous than the ever-present disease. The longer Edira stays within the confines of the Manor, the more the family's pristine exterior begins to crack--until Edira discovers a terrifying secret and must choose who she can save and at what cost... | |
| 650 | 0. | ‡aWomen healers ‡vFiction. | |
| 650 | 0. | ‡aMagic ‡vFiction. ‡0(LARL_NWRL_CONSORTIUM)165984 | |
| 650 | 0. | ‡aVirus diseases ‡vFiction. | |
| 650 | 0. | ‡aFamily secrets ‡vFiction. ‡0(LARL_NWRL_CONSORTIUM)164948 | |
| 650 | 0. | ‡aMan-woman relationships ‡vFiction. ‡0(LARL_NWRL_CONSORTIUM)165985 | |
| 650 | 7. | ‡aFICTION / Gothic. ‡2bisacsh | |
| 650 | 7. | ‡aFICTION / Romance / Fantasy. ‡2bisacsh | |
| 650 | 7. | ‡aFICTION / Fantasy / Romance. ‡2bisacsh | |
| 650 | 7. | ‡aFICTION / Fantasy / Action & Adventure. ‡2bisacsh | |
| 650 | 7. | ‡aHealers ‡vFiction. ‡2sears ‡0(LARL_NWRL_CONSORTIUM)169566 | |
| 650 | 7. | ‡aMagic ‡vFiction. ‡2sears ‡0(LARL_NWRL_CONSORTIUM)165984 | |
| 650 | 7. | ‡aDiseases. ‡2sears ‡0(LARL_NWRL_CONSORTIUM)18606 | |
| 650 | 7. | ‡aViruses. ‡2sears ‡0(LARL_NWRL_CONSORTIUM)34023 | |
| 650 | 7. | ‡aMan-woman relationship ‡vFiction. ‡2sears | |
| 655 | 0. | ‡aRomance fiction. | |
| 655 | 0. | ‡aFantasy fiction. | |
| 655 | 0. | ‡aLove stories. | |
| 655 | 7. | ‡aRomance fiction. ‡2lcgft | |
| 655 | 7. | ‡aFantasy fiction. ‡2lcgft | |
| 655 | 7. | ‡aGothic fiction. ‡2lcgft | |
| 655 | 7. | ‡aNovels. ‡2lcgft | |
| 901 | . | ‡a452138 ‡bOCoLC ‡c452138 ‡tbiblio ‡soclc | |

Add to basket
Permalink
Disable Highlighting